|
|
|
|
| LEADER |
00635ngm a2200193 i 4500 |
| 001 |
eta5274 |
| 005 |
20210317073243.0 |
| 008 |
210317suuuu hu o 0|| eng d |
| 040 |
|
|
|a SZTE Elektronikus Tananyag Archívum
|b hun
|
| 041 |
|
|
|a eng
|
| 100 |
1 |
|
|a Dux László
|
| 245 |
1 |
4 |
|a The citric-acid cycle
|h [elektronikus dokumentum] /
|c Dux László
|
| 516 |
|
|
|a Video
|
| 650 |
|
4 |
|a Természettudományok
|
| 650 |
|
4 |
|a Biológiai tudományok
|
| 650 |
|
4 |
|a Biokémia és molekuláris biológia
|
| 650 |
|
4 |
|a Biokémia
|
| 695 |
|
|
|a biokémia
|
| 856 |
4 |
0 |
|u https://eta.bibl.u-szeged.hu/5274/1/Biokemia_video_05_ENG_TCA_cycle_2-0.mp4
|z Dokumentum-elérés
|